[Event "GBR-ch Major op 109th"]
[Site "Leicester"]
[Date "2023.07.22"]
[Round "1"]
[White "Pattni, Kishan"]
[Black "Foster, Timothy"]
[Result "1-0"]
[WhiteElo "1593"]
[BlackElo "1874"]
[PlyCount "49"]
[EventDate "2023.07.22"]
[EventType "swiss"]
[EventRounds "9"]
[EventCountry "ENG"]
[SourceTitle "EXT 2024"]
[Source "ChessBase"]
[SourceDate "2023.10.10"]
[SourceVersion "1"]
[SourceVersionDate "2023.10.10"]
[SourceQuality "1"]

1. f4 Nf6 2. b3 g6 3. Bb2 Bg7 4. Nf3 0-0 5. e3 c5 6. a4 d6 7. h3 Nc6 8. Be2 e5 9. fxe5 Nd7 10. 0-0 Ndxe5 11. Nc3 Nxf3+ 12. Bxf3 Ne5 13. Bd5 Qe7 14. a5 Rb8 15. Ra4 Kh8 16. Raf4 g5 17. R4f2 g4 18. Rf4 gxh3 19. Qh5 hxg2 20. R1f2 Be6 21. Rh4 h6 22. Rxg2 Qxh4 23. Qxh4 Bxd5 24. Nxd5 Ng6 25. Qxh6+ 1-0

[Event "Southend Easter op 64th"]
[Site "Southend"]
[Date "2022.04.16"]
[Round "4"]
[White "Chan, Ngo Yu"]
[Black "Foster, Timothy"]
[Result "0-1"]
[WhiteElo "1525"]
[BlackElo "1872"]
[PlyCount "44"]
[EventDate "2022.04.15"]
[EventType "swiss"]
[EventRounds "7"]
[EventCountry "ENG"]
[SourceTitle "CBM 207 Extra"]
[Source "ChessBase"]
[SourceDate "2022.05.31"]
[SourceVersion "1"]
[SourceVersionDate "2022.05.31"]
[SourceQuality "1"]

1. e4 c5 2. Nf3 d6 3. d4 cxd4 4. Nxd4 Nf6 5. Nc3 g6 6. Be3 Bg7 7. f3 Nc6 8. Qd2 0-0 9. 0-0-0 d5 10. Nxc6 bxc6 11. exd5 cxd5 12. Nxd5 Nxd5 13. Qxd5 Qc7 14. Qc5 Qb7 15. Bd4 Bf5 16. Qa3 Rac8 17. c3 Bh6+ 18. Rd2 Qd5 19. Kd1 Bxd2 20. Kxd2 e5 21. Qxa7 exd4 22. Qxd4 Qxa2 0-1

[Event "GBR-ch Major 106th"]
[Site "Torquay"]
[Date "2019.07.30"]
[Round "4"]
[White "Menadue, Jeremy FS"]
[Black "Foster, Timothy"]
[Result "1/2-1/2"]
[WhiteElo "2016"]
[BlackElo "1852"]
[PlyCount "44"]
[EventDate "2019.07.27"]
[EventType "swiss"]
[EventRounds "9"]
[EventCountry "ENG"]
[SourceTitle "EXT 2020"]
[Source "ChessBase"]
[SourceDate "2019.10.17"]
[SourceVersion "1"]
[SourceVersionDate "2019.10.17"]
[SourceQuality "1"]

1. d4 Nf6 2. c4 g6 3. Nc3 Bg7 4. e4 d6 5. Nge2 0-0 6. Ng3 e5 7. d5 a5 8. Be2 Na6 9. h4 h5 10. Bg5 Qe8 11. Qd2 Nc5 12. f3 Bd7 13. 0-0-0 a4 14. Kb1 Nh7 15. Be3 b6 16. Rdg1 Qc8 17. Bd1 Qa6 18. Be2 Qa5 19. Nb5 Qxd2 20. Bxd2 Rfc8 21. Rd1 Bf8 22. Be3 Be7 1/2-1/2

[Event "London Classic op"]
[Site "London"]
[Date "2017.12.08"]
[Round "8"]
[White "Foster, Timothy"]
[Black "Chatterjee, Sagnik"]
[Result "1-0"]
[WhiteElo "1893"]
[BlackElo "1336"]
[PlyCount "137"]
[EventDate "2017.12.02"]
[EventType "swiss"]
[EventRounds "9"]
[EventCountry "ENG"]
[SourceTitle "CBM 182 Extra"]
[Source "ChessBase"]
[SourceDate "2018.02.23"]
[SourceVersion "1"]
[SourceVersionDate "2018.02.23"]
[SourceQuality "1"]

1. Nf3 Nf6 2. c4 c5 3. Nc3 e6 4. g3 Nc6 5. Bg2 d5 6. cxd5 exd5 7. d4 h6 8. 0-0 Be6 9. b3 cxd4 10. Nxd4 Bc5 11. Nxc6 bxc6 12. Bb2 0-0 13. Qc2 Rc8 14. Na4 Bb6 15. Nc5 Qe7 16. Bd4 Nd7 17. Rac1 Rfe8 18. e3 Nxc5 19. Bxc5 Qf6 20. b4 Bf5 21. Qc3 Qxc3 22. Rxc3 Be4 23. Rfc1 Bxg2 24. Kxg2 Re6 25. a4 Rb8 26. a5 Bxc5 27. Rxc5 Rxb4 28. Rxc6 Rb5 29. Rxe6 fxe6 30. Rc6 Rxa5 31. Rxe6 Kf7 32. Rc6 Ra4 33. Rd6 Ra5 34. h4 h5 35. Kf3 Ke7 36. Rg6 Kf7 37. Rg5 g6 38. Kg2 Rb5 39. g4 hxg4 40. Rxg4 Kf6 41. Ra4 a5 42. Kg3 Ke5 43. Rg4 Rb6 44. f3 Rf6 45. Ra4 Ra6 46. Kg4 Kf6 47. f4 Re6 48. Rxa5 Rxe3 49. Rxd5 Re1 50. Rd6+ Kf7 51. Rd3 Rg1+ 52. Rg3 Rd1 53. h5 gxh5+ 54. Kxh5 Rh1+ 55. Kg5 Rh8 56. Ra3 Rg8+ 57. Kf5 Rg1 58. Ra7+ Kg8 59. Kf6 Rf1 60. f5 Re1 61. Ra8+ Kh7 62. Kf7 Re5 63. f6 Re1 64. Ra2 Rh1 65. Re2 Kh8 66. Rd2 Rh7+ 67. Kg6 Rh6+ 68. Kxh6 Kg8 69. Kg6 1-0

[Event "London Classic op"]
[Site "London"]
[Date "2017.12.05"]
[Round "5"]
[White "Foster, Timothy"]
[Black "Johansson, Toni"]
[Result "1/2-1/2"]
[WhiteElo "1893"]
[BlackElo "2049"]
[PlyCount "83"]
[EventDate "2017.12.02"]
[EventType "swiss"]
[EventRounds "9"]
[EventCountry "ENG"]
[SourceTitle "CBM 182 Extra"]
[Source "ChessBase"]
[SourceDate "2018.02.23"]
[SourceVersion "1"]
[SourceVersionDate "2018.02.23"]
[SourceQuality "1"]

1. e4 c5 2. Nf3 d6 3. d4 cxd4 4. Nxd4 Nf6 5. Nc3 g6 6. f3 Bg7 7. Be3 0-0 8. Bc4 Nc6 9. Qd2 Bd7 10. 0-0-0 Rc8 11. Bb3 Nxd4 12. Bxd4 b5 13. h4 b4 14. Nd5 Nxd5 15. Bxg7 Kxg7 16. exd5 f6 17. h5 g5 18. h6+ Kh8 19. Qxb4 a5 20. Qe4 Be8 21. Rhe1 Rc7 22. Ba4 Bg6 23. Qd4 Qc8 24. Bc6 e5 25. Qe3 Qa6 26. g3 Qc4 27. Qb3 Qc5 28. Rd2 Rd8 29. Qc3 Qxc3 30. bxc3 Be8 31. Bxe8 Rxe8 32. Rd3 Rec8 33. Kd2 Kg8 34. Rb1 Kf7 35. Rb6 Ke7 36. Rb5 Rc5 37. Rb7+ R8c7 38. Rb8 Rc8 39. Rb7+ R5c7 40. Rb5 Rc5 41. Rb7+ R8c7 42. Rb8 1/2-1/2

[Event "London Classic op"]
[Site "London"]
[Date "2017.12.04"]
[Round "4"]
[White "Olson, Hamish"]
[Black "Foster, Timothy"]
[Result "1-0"]
[WhiteElo "2146"]
[BlackElo "1893"]
[PlyCount "65"]
[EventDate "2017.12.02"]
[EventType "swiss"]
[EventRounds "9"]
[EventCountry "ENG"]
[SourceTitle "CBM 182 Extra"]
[Source "ChessBase"]
[SourceDate "2018.02.23"]
[SourceVersion "1"]
[SourceVersionDate "2018.02.23"]
[SourceQuality "1"]

1. d4 Nf6 2. Nf3 g6 3. Nbd2 Bg7 4. e4 d6 5. c3 0-0 6. Qc2 c5 7. dxc5 dxc5 8. Be2 Nc6 9. 0-0 Qc7 10. Re1 b6 11. a4 a6 12. Nc4 Bg4 13. Ne3 Bxf3 14. Bxf3 Ne5 15. Be2 Rad8 16. f4 Nc6 17. e5 Nd5 18. Nxd5 Rxd5 19. Bxa6 e6 20. Bc4 Rd7 21. Qe4 Rfd8 22. Bb5 Rd1 23. Be3 Rxa1 24. Rxa1 Ne7 25. Re1 Nf5 26. Bc1 Rd5 27. Bc4 Rd7 28. Qa8+ Rd8 29. Qf3 h5 30. Rd1 Nh4 31. Qe2 Rxd1+ 32. Qxd1 Qc6 33. Qd8+ 1-0

[Event "Douglas IoM Major op"]
[Site "Douglas"]
[Date "2017.10.01"]
[Round "7"]
[White "Foster, Timothy"]
[Black "Kane, Robert"]
[Result "1/2-1/2"]
[WhiteElo "1842"]
[BlackElo "1890"]
[PlyCount "82"]
[EventDate "2017.09.25"]
[EventType "swiss"]
[EventRounds "7"]
[EventCountry "IOM"]
[SourceTitle "CBM 181 Extra"]
[Source "ChessBase"]
[SourceDate "2017.12.12"]
[SourceVersion "1"]
[SourceVersionDate "2017.12.12"]
[SourceQuality "1"]

1. Nf3 d5 2. c4 e6 3. g3 c6 4. Bg2 Nf6 5. 0-0 Be7 6. b3 0-0 7. Bb2 a5 8. d3 Na6 9. Nbd2 Qb6 10. e4 dxe4 11. dxe4 Nc5 12. Qc2 a4 13. e5 axb3 14. axb3 Rxa1 15. Rxa1 Ng4 16. Bd4 f6 17. Rf1 fxe5 18. Nxe5 Nxe5 19. Bxe5 Bd7 20. Qc3 Bg5 21. Ne4 Nxe4 22. Bxe4 Bf6 23. Bxf6 Rxf6 24. Qd3 Be8 25. Bxh7+ Kh8 26. Be4 g6 27. Qe3 Qxe3 28. fxe3 Rxf1+ 29. Kxf1 b6 30. Kf2 Kg7 31. Kf3 Kf6 32. b4 c5 33. bxc5 bxc5 34. Bb7 Ba4 35. h4 Bb3 36. Ba6 g5 37. hxg5+ Kxg5 38. e4 e5 39. Bb5 Bd1+ 40. Kf2 Bb3 41. Ke3 Kg4 1/2-1/2

[Event "Douglas IoM Major op"]
[Site "Douglas"]
[Date "2017.09.27"]
[Round "3"]
[White "Blackburn, Jon E"]
[Black "Foster, Timothy"]
[Result "1/2-1/2"]
[WhiteElo "1792"]
[BlackElo "1842"]
[PlyCount "43"]
[EventDate "2017.09.25"]
[EventType "swiss"]
[EventRounds "7"]
[EventCountry "IOM"]
[SourceTitle "CBM 181 Extra"]
[Source "ChessBase"]
[SourceDate "2017.12.12"]
[SourceVersion "1"]
[SourceVersionDate "2017.12.12"]
[SourceQuality "1"]

1. d4 Nf6 2. Nf3 g6 3. Bg5 Bg7 4. Nbd2 d6 5. e3 0-0 6. Bd3 c5 7. c3 Nc6 8. 0-0 b6 9. Qe2 Bb7 10. Ba6 Bxa6 11. Qxa6 Qd7 12. Qe2 h6 13. Bh4 g5 14. Bg3 Nh5 15. d5 Nxg3 16. hxg3 Ne5 17. Nxe5 Bxe5 18. f4 Bg7 19. Qh5 g4 20. f5 Qb5 21. Qxg4 Qd3 22. Ne4 1/2-1/2

[Event "GBR-ch Major 104th"]
[Site "Llandudno"]
[Date "2017.08.03"]
[Round "6"]
[White "Modi, Kishan Jagdish"]
[Black "Foster, Timothy"]
[Result "0-1"]
[WhiteElo "1725"]
[BlackElo "1865"]
[PlyCount "142"]
[EventDate "2017.07.29"]
[EventType "swiss"]
[EventRounds "9"]
[EventCountry "WLS"]
[SourceTitle "CBM 179 Extra"]
[Source "ChessBase"]
[SourceDate "2017.08.23"]
[SourceVersion "1"]
[SourceVersionDate "2017.08.23"]
[SourceQuality "1"]

1. e4 c5 2. Nf3 d6 3. d4 cxd4 4. Nxd4 Nf6 5. Nc3 g6 6. Be3 Bg7 7. f3 Nc6 8. Qd2 0-0 9. g4 Be6 10. Nxe6 fxe6 11. 0-0-0 Ne5 12. Be2 Qc8 13. h4 Nc4 14. Bxc4 Qxc4 15. h5 Rac8 16. hxg6 hxg6 17. Qd3 Qxd3 18. Rxd3 Nd7 19. f4 Nc5 20. Bxc5 Rxc5 21. Ne2 Rc4 22. Re3 Rfc8 23. c3 b5 24. a3 a5 25. Rhh3 b4 26. axb4 axb4 27. Kd2 Ra8 28. Nc1 bxc3+ 29. bxc3 Raa4 30. Ne2 Rxe4 31. Rxe4 Rxe4 32. Re3 Rxe3 33. Kxe3 Kf7 34. Kd3 e5 35. c4 exf4 36. Nxf4 Be5 37. Nh3 Kf6 38. Ke4 e6 39. g5+ Ke7 40. c5 Bh2 41. cxd6+ Kxd6 42. Nf2 Bg3 43. Ng4 e5 44. Nf6 Bf4 45. Nh7 Ke7 46. Kf3 Kf7 47. Kg4 Bd2 48. Nf6 Ke6 49. Ne4 Bc1 50. Nf6 Be3 51. Nh7 e4 52. Nf8+ Kf7 53. Nd7 Bd4 54. Nb8 e3 55. Kf3 Ke6 56. Nc6 Bb6 57. Nb4 Kf5 58. Nd5 Ba7 59. Nc3 Kxg5 60. Ne4+ Kh4 61. Ng3 Kh3 62. Ne4 Kh4 63. Nf6 g5 64. Ke2 g4 65. Nd5 g3 66. Nf4 Kg4 67. Ng2 Bb6 68. Kf1 Kh3 69. Nf4+ Kh2 70. Ng2 e2+ 71. Ke1 Kxg2 0-1

[Event "Wakefield 4NCL op 14th"]
[Site "Wakefield"]
[Date "2017.07.14"]
[Round "1"]
[White "Grieve, Harry"]
[Black "Foster, Timothy"]
[Result "1/2-1/2"]
[WhiteElo "2076"]
[BlackElo "1865"]
[PlyCount "24"]
[EventDate "2017.07.14"]
[EventType "swiss"]
[EventRounds "5"]
[EventCountry "ENG"]
[SourceTitle "CBM 179 Extra"]
[Source "ChessBase"]
[SourceDate "2017.08.23"]
[SourceVersion "1"]
[SourceVersionDate "2017.08.23"]
[SourceQuality "1"]

1. d4 Nf6 2. Bf4 g6 3. Nc3 d5 4. Qd2 Ne4 5. Nxe4 dxe4 6. 0-0-0 Bg7 7. Bh6 0-0 8. h4 Qd5 9. h5 Qxa2 10. Qe3 Bxh6 11. Qxh6 Qa1+ 12. Kd2 Qxb2 1/2-1/2

[Event "BCF-chT4S 1617 (4NCL)"]
[Site "England"]
[Date "2016.11.27"]
[Round "2.83"]
[White "Jaufarally, Nadia"]
[Black "Foster, Timothy"]
[Result "1-0"]
[WhiteElo "1664"]
[BlackElo "1883"]
[PlyCount "99"]
[EventDate "2016.11.26"]
[EventType "team-swiss"]
[EventRounds "11"]
[EventCountry "ENG"]
[SourceTitle "EXT 2019"]
[Source "ChessBase"]
[SourceDate "2018.10.10"]
[SourceVersion "1"]
[SourceVersionDate "2018.10.10"]
[SourceQuality "1"]
[WhiteTeam "D&D Utd"]
[BlackTeam "Oxford III"]
[WhiteTeamCountry "ENG"]
[BlackTeamCountry "ENG"]

1. d4 Nf6 2. Bf4 g6 3. h3 Bg7 4. Nf3 d6 5. e3 0-0 6. c4 c5 7. Be2 Nbd7 8. 0-0 b6 9. Nc3 Bb7 10. a4 a5 11. Qc2 Nh5 12. Bh2 e5 13. dxe5 dxe5 14. g4 Nhf6 15. Nxe5 Re8 16. Bf3 Nxe5 17. Bxb7 Ra7 18. Bg2 Qd3 19. Qxd3 Nxd3 20. Rab1 Ne5 21. b3 Rae7 22. Nd5 Nxd5 23. Bxd5 Rd8 24. Rbd1 Rde8 25. f4 Nxg4 26. hxg4 Rxe3 27. Rf3 Bd4 28. Kg2 Re2+ 29. Kg3 g5 30. Bg1 gxf4+ 31. Rxf4 Be5 32. Bxf7+ Kf8 33. Bxe8+ Bxf4+ 34. Kxf4 Kxe8 35. Rd3 Rb2 36. Kg5 Kf7 37. Rh3 Kg7 38. Bh2 Re2 39. Bc7 Re6 40. Bd8 Re5+ 41. Kf4 Re6 42. Kf5 Rd6 43. Be7 Rd1 44. Kg5 Re1 45. Bf6+ Kg8 46. Rd3 Rf1 47. Rd8+ Kf7 48. Rd7+ Kg8 49. Rg7+ Kf8 50. Rxh7 1-0

[Event "GBR-ch Major 103rd"]
[Site "Bournemouth"]
[Date "2016.08.04"]
[Round "10"]
[White "Foster, Timothy"]
[Black "Talbot, Mark"]
[Result "1-0"]
[WhiteElo "1839"]
[BlackElo "2027"]
[PlyCount "63"]
[EventDate "2016.07.25"]
[EventType "swiss"]
[EventRounds "11"]
[EventCountry "ENG"]
[SourceTitle "CBM 173 Extra"]
[Source "ChessBase"]
[SourceDate "2016.08.29"]
[SourceVersion "1"]
[SourceVersionDate "2016.08.29"]
[SourceQuality "1"]

1. Nf3 Nf6 2. c4 g6 3. g3 Bg7 4. Bg2 0-0 5. 0-0 d5 6. cxd5 Nxd5 7. d4 Nc6 8. e4 Nb6 9. d5 Na5 10. Nc3 c6 11. dxc6 Nxc6 12. Bf4 Be6 13. Re1 Rc8 14. a4 Nb4 15. Ng5 Qxd1 16. Rexd1 Bb3 17. Rd2 Nc4 18. Rd7 Nxb2 19. Nd5 Nxd5 20. exd5 Nxa4 21. Re1 Nc5 22. Rdxe7 h6 23. Ne4 Nd3 24. Rb1 Bxd5 25. Nd6 Nxf4 26. Nxc8 Nxg2 27. Rc7 Bf6 28. Nxa7 Re8 29. Rcc1 Kg7 30. Nb5 Be4 31. Nd6 Bxb1 32. Nxe8+ 1-0

[Event "BCF-chT3Sd 1516 (4NCL)"]
[Site "England"]
[Date "2016.03.20"]
[Round "8.99"]
[White "Foster, Timothy"]
[Black "Jones, Steven"]
[Result "0-1"]
[WhiteElo "1967"]
[BlackElo "2211"]
[PlyCount "58"]
[EventDate "2016.03.20"]
[EventType "team-swiss"]
[EventRounds "11"]
[EventCountry "ENG"]
[SourceTitle "EXT 2017"]
[Source "ChessBase"]
[SourceDate "2016.10.25"]
[SourceVersion "1"]
[SourceVersionDate "2016.10.25"]
[SourceQuality "1"]
[WhiteTeam "Oxford II"]
[BlackTeam "Surbiton"]
[WhiteTeamCountry "ENG"]
[BlackTeamCountry "ENG"]

1. Nf3 Nf6 2. c4 g6 3. g3 Bg7 4. Bg2 0-0 5. 0-0 d6 6. Nc3 Nc6 7. Rb1 e5 8. d3 Nd4 9. Nxd4 exd4 10. Nd5 c6 11. Nxf6+ Bxf6 12. b4 a6 13. a4 Re8 14. h3 Be6 15. Kh2 Qd7 16. Bb2 Bg7 17. Qd2 h5 18. h4 d5 19. c5 Qc7 20. Rbe1 Bf6 21. f4 Bf5 22. Qd1 Re3 23. Bf3 Rae8 24. Qa1 Qe7 25. Bc1 Re6 26. Bb2 Bxd3 27. Bxd4 Bxd4 28. Qxd4 Bxe2 29. Bg2 Bxf1 0-1

[Event "BCF-ch Week2 AM op"]
[Site "Coventry"]
[Date "2015.08.07"]
[Round "5"]
[White "Hazlehurst, Cory S"]
[Black "Foster, Timothy"]
[Result "1/2-1/2"]
[WhiteElo "2005"]
[BlackElo "1598"]
[PlyCount "109"]
[EventDate "2015.08.03"]
[EventType "swiss"]
[EventRounds "5"]
[EventCountry "ENG"]
[SourceTitle "CBM 167 Extra"]
[Source "ChessBase"]
[SourceDate "2015.09.14"]
[SourceVersion "1"]
[SourceVersionDate "2015.09.14"]
[SourceQuality "1"]

1. d4 Nf6 2. c4 g6 3. Nf3 Bg7 4. g3 d6 5. Bg2 0-0 6. 0-0 Nc6 7. Nc3 a6 8. b3 Rb8 9. Bb2 b5 10. cxb5 axb5 11. d5 Na5 12. a3 c5 13. dxc6 Nxc6 14. Nd4 Nxd4 15. Qxd4 Be6 16. Nd5 Ne8 17. Qd2 Bxb2 18. Qxb2 Nc7 19. Nb4 Bd7 20. Rfc1 Ne6 21. Rd1 f5 22. Bd5 Rf6 23. Rac1 Qb6 24. Nc6 Re8 25. Nxe7+ Kf7 26. Bxe6+ Bxe6 27. Nd5 Bxd5 28. Rxd5 f4 29. Rf1 h5 30. Qd2 fxg3 31. hxg3 Re4 32. Qd3 Rg4 33. Rxb5 Rxg3+ 34. Qxg3 Qxb5 35. Qe3 Re6 36. Qd3 Qg5+ 37. Qg3 Qc5 38. b4 Qc4 39. e3 Re4 40. f3 Rxe3 41. Qxd6 Re2 42. Rf2 Qc1+ 43. Kg2 Qg5+ 44. Qg3 Rxf2+ 45. Kxf2 Qd2+ 46. Kf1 Qd3+ 47. Kg2 Qxa3 48. Qc7+ Kf6 49. Qc6+ Kf5 50. Qc2+ Kf6 51. b5 Qd6 52. Qb2+ Qe5 53. Qb4 Qe2+ 54. Kg3 Qe5+ 55. Kf2 1/2-1/2

[Event "BCF-ch Week2 AM op"]
[Site "Coventry"]
[Date "2015.08.06"]
[Round "4"]
[White "Foster, Timothy"]
[Black "Bielby, Paul R"]
[Result "1-0"]
[WhiteElo "1598"]
[BlackElo "1950"]
[PlyCount "65"]
[EventDate "2015.08.03"]
[EventType "swiss"]
[EventRounds "5"]
[EventCountry "ENG"]
[SourceTitle "CBM 167 Extra"]
[Source "ChessBase"]
[SourceDate "2015.09.14"]
[SourceVersion "1"]
[SourceVersionDate "2015.09.14"]
[SourceQuality "1"]

1. Nf3 g6 2. c4 Bg7 3. g3 Nf6 4. Bg2 c5 5. 0-0 Nc6 6. Nc3 0-0 7. d3 e6 8. Be3 b6 9. Ne5 Nxe5 10. Bxa8 d5 11. Bf4 Qd6 12. Bxe5 Qxe5 13. Bc6 Qd6 14. Ba4 d4 15. Nb1 Bb7 16. e4 dxe3 17. fxe3 Nh5 18. Rf2 Rd8 19. Nc3 Qxd3 20. Qxd3 Rxd3 21. Raf1 f5 22. Rd1 Rxe3 23. Rd8+ Bf8 24. Rd7 Bf3 25. Bd1 Nf6 26. Rxa7 Bxd1 27. Nxd1 Re1+ 28. Rf1 Re2 29. Nc3 Rxb2 30. Re1 Rc2 31. Rxe6 Rxc3 32. Rxf6 Bh6 33. Rxb6 1-0